Top 25 D'Angelo Songs - Statistics

General Stats
  • This quiz has been taken 8 times
  • The average score is 14 of 25
Answer Stats
# Album Answer % Correct
5 Brown Sugar Brown Sugar
100%
2 The Music of Red Dead Redemption 2 Unshaken
88%
1 Voodoo Untitled (How Does it Feel)
88%
14 Voodoo Africa
75%
3 Black Messiah Another Life
75%
12 Voodoo Devil's Pie
75%
13 Brown Sugar Lady
75%
24 Voodoo Left and Right
63%
4 Black Messiah Really Love
63%
6 Voodoo Send it On
63%
10 Voodoo Spanish Joint
63%
16 Brown Sugar When We Get By
63%
9 Voodoo Feel Like Makin' Love
50%
15 Voodoo Playa Playa
50%
8 Black Messiah The Charade
50%
7 Black Messiah Ain't That Easy
38%
18 Brown Sugar Cruisin'
38%
17 Voodoo One Mo'Gin
38%
22 Brown Sugar Smooth
38%
21 Black Messiah Sugah Daddy
38%
25 Black Messiah Till It's Done (Tutu)
38%
19 Black Messiah Betray My Heart
25%
23 Brown Sugar Higher
25%
11 Brown Sugar Me and Those Dreamin' Eyes of Mine
25%
20 Voodoo The Root
25%
No matching quizzes found
Score Distribution
Percent of People with Each Score
Percentile by Number Answered
Your Score History
You have not taken this quiz